000 00714 a2200205 4500
999 _c8775
_d8775
020 _a9780702184635
050 0 0 _aKTL 1052 MON 2010
100 _aMongalo, Tshepo
_eeditor
245 0 0 _aModern company law for a competitive South African economy /
_cTshepo Mongalo
264 _aSouth Africa :
_bJuta & Co Ltd,
_c2010
300 _axxv, 479 p. ;
500 _aIncludes bibliographical references
504 _aIncludes bibliographical references
650 0 _aCorporation law
650 0 _aCorporate governance
_xLaw and legislation
650 0 _aConsolidation and merger of corporations
_xLaw and legislation
650 0 _aLaw reform
710 1 _aUniversity of Cape Town.
942 _2lcc
_cBK
_h1052
_iMON
_k2010